| 000 | 00731nam a2200253 a 4500 | ||
|---|---|---|---|
| 001 | 42842 | ||
| 003 | BD-RjUL | ||
| 005 | 20211209053613.0 | ||
| 008 | 160616s19571955dk a b 1 0 eng d | ||
| 035 | _a(BD-RjUL)42960 | ||
| 035 | _a2491643 | ||
| 040 |
_aABS _beng _cABS _dBD-RjUL |
||
| 041 | _aeng | ||
| 082 |
_223 _a330.18 _bRAS 1957 |
||
| 100 | 1 |
_aRasmussen, P. Norregaard _9131624 |
|
| 245 | 1 | 0 |
_aStudies in inter-sectoral relations / _cby P. Norregaard Rasmussen |
| 260 |
_aKobenhavn : _bHarcks ; _aAmsterdam : _bNorth-Holland, _c1957, |
||
| 300 |
_a217p. : _bill ; _c24cm. |
||
| 500 | _aindex | ||
| 504 | _aBibliography. | ||
| 650 | 0 |
_aEconomic Relationships. _9131625 |
|
| 650 | 0 |
_aInput-output. _9131626 |
|
| 942 |
_2ddc _cBK |
||
| 999 |
_c42842 _d42842 |
||